¿Valieron la pena las privatizaciones? /
Wedi'i Gadw mewn:
| Prif Awdur: | |
|---|---|
| Awduron Eraill: | |
| Fformat: | Texto |
| Pynciau: | |
| Tagiau: |
Ychwanegu Tag
Dim Tagiau, Byddwch y cyntaf i dagio'r cofnod hwn!
|
MARC
| LEADER | 00000 a a2200000 04500 | ||
|---|---|---|---|
| 001 | 41850 | ||
| 003 | |||
| 040 | |||
| 100 | |a Chong, Alberto | ||
| 245 | |a ¿Valieron la pena las privatizaciones? / |c Alberto Chong ; Eduardo Lora | ||
| 650 | |a GOBIERNO/PRIVATIZACIONES/ANALISIS COMPARATIVO/BRASIL/ARGENTINA/URUGUAY | ||
| 700 | |a Lora, Eduardo | ||
| 773 | |g número207 (enero-febrero , 2007), páginas 80-92 | ||
| 999 | |c 38692 |d 38692 | ||
